00585nam a2200169 450000500170000001000150001702000270003203500140005903700130007308200120008610000250009824500760012326000340019927001120023330000200034550000500036520191031164341.0 aENG-126769 a9789386806154c1495.00 aEN-110301 bDBAD/PUB a726.109 aBirendra Kumar Singh aHindu-Buddhist architecture in southeast Asia /cby Birendra Kumar Sood aNew DelhibIshwar Booksc2018 aB-29, Arya Nagar CGHS Ltd., Plot No-91, I.P.ExtensionbPatparganj, New Delhie110092mishwarbooks@gmail.co, a280p.c24cm(Hb) aIncludes bibliographical references and index